[Event "Miami"]
[Site "Miami"]
[Date "2023.01.21"]
[Round "4"]
[White "Arencibia Monduy, Antonio"]
[Black "Pupo, Emilio"]
[Result "1/2-1/2"]
[WhiteElo "2134"]
[BlackElo "2361"]
[PlyCount "86"]
[EventDate "2023.01.19"]
[EventType "tourn"]
[EventRounds "9"]
[EventCountry "USA"]
[SourceTitle "EXT 2024"]
[Source "ChessBase"]
[SourceDate "2023.10.10"]
[SourceVersion "1"]
[SourceVersionDate "2023.10.10"]
[SourceQuality "1"]

1. c4 g6 2. g3 Bg7 3. Bg2 d6 4. Nc3 e5 5. e3 f5 6. d3 Nf6 7. Nge2 0-0 8. 0-0 Nc6 9. b3 Ne7 10. d4 e4 11. Bb2 g5 12. f3 exf3 13. Bxf3 c6 14. e4 fxe4 15. Nxe4 Bh3 16. Nxf6+ Rxf6 17. Bg2 Bxg2 18. Rxf6 Bxf6 19. Kxg2 Nf5 20. Qd3 Qe7 21. Qxf5 Qxe2+ 22. Qf2 Re8 23. Rf1 Kg7 24. Qxe2 Re6 25. Qe3 Rxe3 26. Rf2 Re4 27. Kf3 Re1 28. Re2 g4+ 29. Kf2 Rxe2+ 30. Kxe2 Kg6 31. Kd3 Kf5 32. Bc1 d5 33. c5 h5 34. b4 h4 35. Bf4 h3 36. a3 a6 37. a4 Bd8 38. a5 Bf6 39. Ke3 Bg7 40. Kd3 Bf6 41. Ke3 Bg7 42. Kd3 Bf6 43. Ke3 Bg7 1/2-1/2

[Event "Miami"]
[Site "Miami"]
[Date "2023.01.20"]
[Round "2"]
[White "Cruz Mendez, Jean Marcos"]
[Black "Pupo, Emilio"]
[Result "1/2-1/2"]
[WhiteElo "2095"]
[BlackElo "2361"]
[PlyCount "46"]
[EventDate "2023.01.19"]
[EventType "tourn"]
[EventRounds "9"]
[EventCountry "USA"]
[SourceTitle "EXT 2024"]
[Source "ChessBase"]
[SourceDate "2023.10.10"]
[SourceVersion "1"]
[SourceVersionDate "2023.10.10"]
[SourceQuality "1"]

1. e4 c5 2. Nf3 Nc6 3. Nc3 d6 4. d4 cxd4 5. Nxd4 Nf6 6. Bc4 Qb6 7. Nxc6 bxc6 8. 0-0 g6 9. h3 Bg7 10. Rb1 0-0 11. Be3 Qc7 12. Qd2 Rd8 13. Rfe1 d5 14. exd5 cxd5 15. Bb3 d4 16. Bxd4 Bb7 17. Be5 Qc6 18. Qg5 Bh6 19. Qg3 Nh5 20. Qg4 Nf6 21. Qg3 Nh5 22. Qg4 Nf6 23. Bd4 Qc7 1/2-1/2

[Event "Carlos Torre Memorial op 17th"]
[Site "Merida"]
[Date "2004.12.14"]
[Round "3"]
[White "Delgado Ramirez, Neuris"]
[Black "Pupo, Emilio"]
[Result "1-0"]
[WhiteElo "2554"]
[BlackElo "2375"]
[PlyCount "89"]
[EventDate "2004.12.13"]
[EventType "swiss"]
[EventRounds "9"]
[EventCountry "MEX"]
[SourceTitle "CBM 103 Extra"]
[Source "ChessBase"]
[SourceDate "2005.01.01"]
[SourceVersion "1"]
[SourceVersionDate "2005.01.01"]
[SourceQuality "1"]

1. e4 c5 2. Nf3 d6 3. Bc4 Nf6 4. d3 Nc6 5. c3 e6 6. Bb3 Be7 7. 0-0 0-0 8. Re1 b5 9. h3 Bb7 10. Nbd2 a5 11. a3 a4 12. Bc2 e5 13. Nf1 Re8 14. Ng3 g6 15. Bh6 d5 16. Qc1 dxe4 17. dxe4 Nd7 18. Rd1 Qc7 19. Nh2 Nd8 20. Qd2 Nb6 21. Qe2 Ne6 22. Qg4 Kh8 23. Bd3 Bc6 24. Rd2 Rad8 25. Rad1 Nf4 26. Bxf4 exf4 27. Ne2 Bd6 28. Nf3 f6 29. Qh4 Qg7 30. Bxb5 Bxb5 31. Rxd6 Rxd6 32. Rxd6 g5 33. Qh5 Nc4 34. Rd5 Rc8 35. Qg4 Nb6 36. Qe6 Bxe2 37. Qxb6 Qe7 38. Rd6 Kg7 39. e5 fxe5 40. Nxe5 Kg8 41. Nd7 Bb5 42. Nf6+ Kh8 43. Re6 Qf7 44. Qd6 Ra8 45. Qd1 1-0

[Event "Internet Section 10B g/8'+2\""]
[Site "Dos Hermanas"]
[Date "2004.03.11"]
[Round "2"]
[White "Pupo, Emilio"]
[Black "Rychagov, Andrey"]
[Result "1/2-1/2"]
[WhiteElo "2368"]
[BlackElo "2532"]
[PlyCount "303"]
[EventDate "2004.03.10"]
[EventType "swiss (blitz)"]
[EventRounds "9"]
[EventCountry "ESP"]
[SourceTitle "EXT 2005"]
[Source "ChessBase"]
[SourceDate "2004.11.15"]
[SourceVersion "1"]
[SourceVersionDate "2004.11.15"]
[SourceQuality "1"]

1. e4 c5 2. Nf3 e6 3. d4 cxd4 4. Nxd4 Nc6 5. Nc3 Qc7 6. Be2 a6 7. 0-0 Nf6 8. Be3 Bb4 9. Na4 Be7 10. Nxc6 bxc6 11. Nb6 Rb8 12. Nxc8 Qxc8 13. Bd4 c5 14. Be5 Rb6 15. b3 0-0 16. Qd3 d6 17. Bc3 Nd7 18. Rad1 Bf6 19. Bxf6 Nxf6 20. Qe3 Qc7 21. f4 a5 22. a4 Rb4 23. Bd3 e5 24. h3 d5 25. exd5 exf4 26. Qf3 Rd4 27. c3 Rxd5 28. Bxh7+ Kxh7 29. Rxd5 Nxd5 30. Qxd5 Re8 31. Qf5+ Kg8 32. Qxf4 Qxf4 33. Rxf4 Rb8 34. Rc4 Rxb3 35. Rxc5 Ra3 36. Rxa5 Rxc3 37. Ra7 Ra3 38. Kf2 f5 39. a5 f4 40. a6 Kh7 41. Ra8 Kg6 42. a7 Kg5 43. Ke2 Kg6 44. Kd2 Kh7 45. Kc2 g6 46. Kb2 Ra6 47. Kc3 Kg7 48. Kd4 Ra5 49. Ke4 Ra4+ 50. Ke5 Kh7 51. Kf6 Ra6+ 52. Kf7 Ra4 53. Kf6 Ra6+ 54. Kg5 Ra4 55. Kg4 Kg7 56. h4 Kh7 57. Kf3 Kg7 58. Kg4 Kh7 59. Kg5 Kg7 60. Rd8 Rxa7 61. Kxf4 Ra4+ 62. Kg5 Ra5+ 63. Kg4 Ra4+ 64. Kh3 Ra3+ 65. g3 Ra4 66. Rd6 Rb4 67. Ra6 Rc4 68. Ra3 Rc1 69. Ra4 Rc5 70. Kg4 Rb5 71. Ra7+ Kh6 72. Rf7 Rb4+ 73. Kh3 Ra4 74. g4 Ra3+ 75. Kg2 Rb3 76. Rf3 Rb4 77. Kg3 Kg7 78. Ra3 Rb7 79. Ra4 Rf7 80. g5 Rb7 81. Kg4 Rf7 82. Rf4 Ra7 83. Rb4 Rf7 84. Rb6 Ra7 85. Rb4 Rf7 86. Ra4 Rb7 87. Kf4 Re7 88. Re4 Rf7+ 89. Ke5 Rf5+ 90. Ke6 Rf1 91. Ke7 Rf7+ 92. Ke8 Rf8+ 93. Kd7 Rf1 94. Re7+ Kf8 95. Rh7 Re1 96. Kd6 Re4 97. Kd5 Re1 98. Ra7 Kg8 99. Ra6 Kg7 100. Re6 Rh1 101. Re7+ Kf8 102. Re4 Rf1 103. Ke6 Kg7 104. Ra4 Re1+ 105. Kd5 Rh1 106. Ke5 Re1+ 107. Kf4 Rf1+ 108. Ke5 Re1+ 109. Kf4 Rf1+ 110. Kg3 Rb1 111. Ra7+ Kg8 112. Kf4 Rb5 113. Re7 Rf5+ 114. Ke4 Ra5 115. Kf4 Rf5+ 116. Kg4 Rf1 117. Ra7 Rg1+ 118. Kf4 Re1 119. Ra6 Kg7 120. Ra7+ Kg8 121. Ra5 Kg7 122. Re5 Rf1+ 123. Kg4 Rf2 124. Re7+ Kf8 125. Ra7 Rf1 126. Ra4 Kg7 127. Rf4 Ra1 128. Rf3 Ra4+ 129. Rf4 Ra3 130. h5 gxh5+ 131. Kxh5 Rh3+ 132. Rh4 Rxh4+ 133. Kxh4 Kg6 134. Kg4 Kg7 135. Kh5 Kh7 136. Kg4 Kg6 137. Kf4 Kg7 138. Ke5 Kg6 139. Kf4 Kg7 140. Kf5 Kf7 141. g6+ Kg7 142. Kg5 Kg8 143. Kf6 Kf8 144. Ke6 Kg7 145. Kf5 Kg8 146. Kf4 Kg7 147. Kf5 Kg8 148. Kg5 Kg7 149. Kh5 Kg8 150. Kh6 Kh8 151. g7+ Kg8 152. Kg6 1/2-1/2

[Event "Medellin La Raza"]
[Site "Medellin"]
[Date "2003.10.17"]
[Round "5"]
[White "Cuartas, Jaime Alexander"]
[Black "Pupo, Emilio"]
[Result "1-0"]
[WhiteElo "2419"]
[BlackElo "2368"]
[PlyCount "83"]
[EventDate "2003.10.15"]
[EventType "tourn"]
[EventRounds "11"]
[EventCountry "COL"]
[EventCategory "5"]
[SourceTitle "EXT 2004"]
[Source "ChessBase"]
[SourceDate "2003.11.25"]
[SourceVersion "1"]
[SourceVersionDate "2003.11.25"]
[SourceQuality "1"]

1. e4 c5 2. Nf3 d6 3. Bb5+ Bd7 4. Bxd7+ Qxd7 5. c4 Nc6 6. 0-0 g6 7. Nc3 Bg7 8. d3 Nf6 9. Be3 Ng4 10. Bd2 0-0 11. h3 Nge5 12. Ne1 f5 13. f4 Nf7 14. Nf3 Nfd8 15. Be3 Ne6 16. Qd2 Bxc3 17. bxc3 fxe4 18. dxe4 Na5 19. Qd5 Kh8 20. Ne5 Qc8 21. f5 Nc7 22. Nf7+ Kg7 23. Bh6+ Kg8 24. Nxd6+ Nxd5 25. Nxc8 Rf7 26. cxd5 Rxc8 27. g4 Nc4 28. Rab1 b6 29. Rbd1 b5 30. Bf4 a5 31. Rf2 Kg7 32. d6 exd6 33. Bxd6 Nxd6 34. Rxd6 Re8 35. f6+ Kh6 36. Re2 Kg5 37. e5 Kf4 38. Rd5 Kg3 39. g5 Re6 40. Rd6 Rxd6 41. exd6 Rd7 42. Rd2 1-0

[Event "Internet Section 17-A"]
[Site "Dos Hermanas"]
[Date "2003.03.17"]
[Round "6"]
[White "Muhammad, Stephen A"]
[Black "Pupo, Emilio"]
[Result "1/2-1/2"]
[WhiteElo "2368"]
[BlackElo "2354"]
[PlyCount "141"]
[EventDate "2003.03.17"]
[EventType "swiss (blitz)"]
[EventRounds "9"]
[EventCountry "ESP"]
[SourceTitle "EXT 2004"]
[Source "ChessBase"]
[SourceDate "2003.11.25"]
[SourceVersion "1"]
[SourceVersionDate "2003.11.25"]
[SourceQuality "1"]

1. d4 Nf6 2. c4 g6 3. Nc3 Bg7 4. e4 d6 5. f3 0-0 6. Bg5 a6 7. Nge2 Nbd7 8. Ng3 c5 9. d5 b5 10. cxb5 Qa5 11. Bd2 axb5 12. Nxb5 Qd8 13. Be2 h5 14. 0-0 h4 15. Nh1 Ba6 16. Nf2 Qb8 17. a4 Nh7 18. Bc3 Bh6 19. Ng4 Bg7 20. Qe1 h3 21. gxh3 f5 22. Bxg7 Kxg7 23. Qc3+ Nhf6 24. exf5 gxf5 25. Ne3 f4 26. Nf5+ Kf7 27. Rfe1 Ne5 28. Kh1 Rh8 29. Bf1 Bxb5 30. axb5 Rxa1 31. Rxa1 Qc8 32. Qc2 Rh5 33. Nd4 Nxd5 34. Bc4 e6 35. Ra7+ Kf6 36. Nc6 Ne3 37. Qe4 Rf5 38. Nxe5 dxe5 39. Ra8 Qd7 40. Qd3 Qe7 41. Ra6 Nxc4 42. Qxc4 Qd7 43. Qe2 e4 44. fxe4 f3 45. Qf1 Rf4 46. Ra3 f2 47. Ra1 Qd4 48. Qg2 Qxb2 49. Rf1 Qxb5 50. h4 Kf7 51. h5 Qe2 52. h6 Qxe4 53. Qxe4 Rxe4 54. Rxf2+ Kg6 55. Kg2 Kxh6 56. Kf3 Re5 57. Rg2 Rg5 58. Re2 Rf5+ 59. Kg4 Rf6 60. Re5 c4 61. Rc5 Rf2 62. Rxc4 Rxh2 63. Re4 Rg2+ 64. Kf4 Rg6 65. Ke5 Kg7 66. Rf4 Rh6 67. Rf1 Rg6 68. Rf2 Rh6 69. Rf1 Rg6 70. Rf2 Rh6 71. Rf1 1/2-1/2

[Event "Internet Section 17-A"]
[Site "Dos Hermanas"]
[Date "2003.03.17"]
[Round "9"]
[White "Pupo, Emilio"]
[Black "Schmidt, Raul"]
[Result "0-1"]
[WhiteElo "2354"]
[BlackElo "2141"]
[PlyCount "82"]
[EventDate "2003.03.17"]
[EventType "swiss (blitz)"]
[EventRounds "9"]
[EventCountry "ESP"]
[SourceTitle "EXT 2004"]
[Source "ChessBase"]
[SourceDate "2003.11.25"]
[SourceVersion "1"]
[SourceVersionDate "2003.11.25"]
[SourceQuality "1"]

1. e4 c5 2. Nf3 e6 3. d4 cxd4 4. Nxd4 a6 5. Bd3 b5 6. 0-0 Bb7 7. a4 b4 8. Nd2 Nc6 9. Nxc6 Bxc6 10. Nc4 d5 11. Ne5 Bb7 12. Qe2 Nf6 13. Bg5 Be7 14. Bxf6 Bxf6 15. Bb5+ axb5 16. Qxb5+ Kf8 17. Nd7+ Ke7 18. Nxf6 Ba6 19. Qxb4+ Kxf6 20. e5+ Kxe5 21. Rfe1+ Kf6 22. Re3 g5 23. h4 h6 24. Rf3+ Kg7 25. Qd4+ f6 26. Re1 Re8 27. hxg5 hxg5 28. Qg4 Qd6 29. Rfe3 Rh8 30. g3 e5 31. f4 Bc8 32. Qd1 Qc5 33. fxe5 fxe5 34. b4 Qd4 35. Qxd4 exd4 36. Re7+ Kf6 37. a5 Bf5 38. R7e2 Be4 39. Rh2 Rxh2 40. Kxh2 Bxc2 41. g4 d3 0-1

[Event "Cali op-A"]
[Site "Cali"]
[Date "2002.12.20"]
[Round "4"]
[White "Pupo, Emilio"]
[Black "Palencia Morales, Wilson Guillermo"]
[Result "1-0"]
[WhiteElo "2354"]
[BlackElo "2324"]
[PlyCount "65"]
[EventDate "2002.11.19"]
[EventType "swiss"]
[EventRounds "8"]
[EventCountry "COL"]
[SourceTitle "EXT 2004"]
[Source "ChessBase"]
[SourceDate "2003.11.25"]
[SourceVersion "1"]
[SourceVersionDate "2003.11.25"]
[SourceQuality "1"]

1. e4 e5 2. Nf3 Nc6 3. d4 exd4 4. Nxd4 g6 5. c4 Bg7 6. Be3 Nf6 7. Nc3 0-0 8. Be2 d6 9. 0-0 a5 10. Ndb5 Be6 11. f3 Nd7 12. Rb1 Nc5 13. b3 f5 14. exf5 Bxf5 15. Rc1 Nb4 16. Qd2 b6 17. Nd5 Nc6 18. Ndxc7 Nb4 19. Nxa8 Qxa8 20. Bd4 Bxd4+ 21. Nxd4 Bd7 22. a3 Nc6 23. Nxc6 Bxc6 24. Bd1 d5 25. b4 axb4 26. axb4 Ne6 27. Re1 Nf4 28. cxd5 Ba4 29. Bxa4 Qxa4 30. Re7 Qa3 31. Rcc7 Qa1+ 32. Kf2 Nh3+ 33. gxh3 1-0

[Event "Cali op 5th"]
[Site "Cali"]
[Date "2001.12.20"]
[Round "6"]
[White "Pupo, Emilio"]
[Black "De la Paz Perdomo, Frank"]
[Result "1/2-1/2"]
[WhiteElo "2354"]
[BlackElo "2461"]
[PlyCount "61"]
[EventDate "2001.12.17"]
[EventType "swiss"]
[EventRounds "9"]
[EventCountry "COL"]
[SourceTitle "EXT 2003"]
[Source "ChessBase"]
[SourceDate "2002.11.25"]
[SourceVersion "1"]
[SourceVersionDate "2002.11.25"]
[SourceQuality "1"]

1. e4 e5 2. Nf3 Nc6 3. Bb5 a6 4. Ba4 Nf6 5. 0-0 Be7 6. Re1 b5 7. Bb3 0-0 8. h3 Bb7 9. d3 d6 10. a3 Na5 11. Ba2 c5 12. Nbd2 Nc6 13. Nf1 Ne8 14. c3 Nc7 15. Ne3 Bf6 16. Nd5 Nxd5 17. Bxd5 Qd7 18. Nh2 Bd8 19. Be3 Kh8 20. b4 cxb4 21. axb4 Ne7 22. Bxb7 Qxb7 23. Nf3 Ng6 24. Nd2 Bb6 25. d4 f5 26. exf5 Nh4 27. Qg4 Nxf5 28. dxe5 Nxe3 29. fxe3 dxe5 30. Kh1 Qc6 31. c4 1/2-1/2

[Event "Abel Cardona op"]
[Site "Cali"]
[Date "2000.12.17"]
[Round "3"]
[White "Pupo, Emilio"]
[Black "Renteria Becerra, Jorge Elicer"]
[Result "1-0"]
[WhiteElo "2365"]
[BlackElo "2271"]
[PlyCount "67"]
[EventDate "2000.12.16"]
[EventType "swiss"]
[EventRounds "9"]
[EventCountry "COL"]
[SourceTitle "CBM 079 Extra"]
[Source "ChessBase"]
[SourceDate "2001.01.11"]
[SourceVersion "2"]
[SourceVersionDate "2001.01.25"]
[SourceQuality "1"]

1. e4 c5 2. Nf3 d6 3. d4 cxd4 4. Nxd4 Nf6 5. Nc3 a6 6. f3 e5 7. Nb3 Be6 8. Be3 Be7 9. Qd2 0-0 10. 0-0-0 a5 11. Bb5 Na6 12. Kb1 Nc7 13. Bb6 Qc8 14. Bxc7 Qxc7 15. g4 Rfc8 16. g5 Nh5 17. Nc1 Nf4 18. h4 Qb6 19. N1e2 Nxe2 20. Bxe2 a4 21. a3 Rc5 22. Nd5 Bxd5 23. exd5 Qa5 24. c3 Rac8 25. Bd3 g6 26. Be4 Bf8 27. h5 Bg7 28. hxg6 hxg6 29. Rh3 Qb6 30. Ka1 Qb3 31. Rdh1 f5 32. gxf6 Bxf6 33. Qh6 Bg7 34. Qxg6 1-0

[Event "Bolivar por la Paz op"]
[Site "Cartagena"]
[Date "2000.07.02"]
[Round "7"]
[White "Gutierrez Herrera, Jose Antonio"]
[Black "Pupo, Emilio"]
[Result "1-0"]
[WhiteElo "2280"]
[BlackElo "2340"]
[PlyCount "101"]
[EventDate "2000.06.29"]
[EventType "swiss"]
[EventRounds "9"]
[EventCountry "COL"]
[SourceTitle "EXT 2001"]
[Source "ChessBase"]
[SourceDate "2000.11.22"]
[SourceVersion "1"]
[SourceVersionDate "2000.11.22"]
[SourceQuality "1"]

1. e4 c5 2. Nf3 d6 3. d4 cxd4 4. Nxd4 Nf6 5. Nc3 Nc6 6. Bg5 Qb6 7. Nb3 e6 8. Qd2 Be7 9. Be3 Qc7 10. f3 a6 11. 0-0-0 0-0 12. h4 b5 13. Qf2 Nd7 14. g4 Nce5 15. g5 b4 16. Ne2 Nc4 17. Kb1 Nxe3 18. Qxe3 Ne5 19. Ned4 Bd7 20. f4 Nc4 21. Qe2 Bb5 22. Qe1 Rfc8 23. Bd3 e5 24. Nf5 Bf8 25. Ne3 Nxe3 26. Qxe3 exf4 27. Qxf4 g6 28. Rh2 Bg7 29. Rf2 Be5 30. Qf3 Bc4 31. Bxc4 Qxc4 32. Rd5 Qc7 33. Na5 Qe7 34. Qd3 Qc7 35. h5 Qa7 36. Rf1 Qc7 37. hxg6 hxg6 38. b3 Qc3 39. Qxc3 Rxc3 40. Nc4 Rc8 41. Nxe5 dxe5 42. Rf2 R3c5 43. Rd7 Rf8 44. Re7 a5 45. Kb2 Rfc8 46. Rexf7 Rxc2+ 47. Rxc2 Rxc2+ 48. Kxc2 Kxf7 49. Kd3 Ke6 50. Kc4 Kd7 51. Kd5 1-0

[Event "Cali op-A 3rd"]
[Site "Cali"]
[Date "1999.12.26"]
[Round "1"]
[White "Prieto, Ernesto"]
[Black "Pupo, Emilio"]
[Result "0-1"]
[WhiteElo "2175"]
[BlackElo "2340"]
[PlyCount "46"]
[EventDate "1999.12.26"]
[EventType "swiss"]
[EventRounds "9"]
[EventCountry "COL"]
[SourceTitle "CBM 074 Extra"]
[Source "ChessBase"]
[SourceDate "2000.03.10"]
[SourceVersion "2"]
[SourceVersionDate "2000.03.10"]
[SourceQuality "1"]

1. e4 c5 2. Nc3 Nc6 3. g3 g6 4. Bg2 Bg7 5. Nge2 e6 6. d3 Nge7 7. 0-0 0-0 8. f4 d6 9. Kh1 Rb8 10. g4 f5 11. Ng3 Nd4 12. gxf5 exf5 13. Nce2 Kh8 14. c3 Nxe2 15. Qxe2 b6 16. Rg1 Bb7 17. Be3 Qd7 18. Rad1 Rbe8 19. Qd2 Qc8 20. h3 fxe4 21. dxe4 d5 22. Kh2 dxe4 23. Nxe4 Nf5 0-1

[Event "Capablanca Memorial Masters I"]
[Site "Havana"]
[Date "1998.??.??"]
[Round "10"]
[White "Pupo, Emilio"]
[Black "Clavijo, Jorge Mario"]
[Result "1/2-1/2"]
[WhiteElo "2405"]
[BlackElo "2365"]
[PlyCount "47"]
[EventDate "1998.05.??"]
[EventType "tourn"]
[EventRounds "13"]
[EventCountry "CUB"]
[EventCategory "5"]
[SourceTitle "EXT 1999"]
[Source "ChessBase"]
[SourceDate "1998.11.16"]
[SourceVersion "1"]
[SourceVersionDate "1998.11.16"]
[SourceQuality "1"]

1. e4 c5 2. Nf3 d6 3. d4 cxd4 4. Nxd4 Nf6 5. Nc3 g6 6. Be3 Bg7 7. f3 Nc6 8. Qd2 0-0 9. 0-0-0 Nxd4 10. Bxd4 Be6 11. Kb1 Qc7 12. g4 Rfc8 13. h4 Qa5 14. Qg5 Qxg5 15. hxg5 Nd7 16. Bxg7 Kxg7 17. Rh4 Rh8 18. Be2 h6 19. f4 Nb6 20. gxh6+ Rxh6 21. Rxh6 Kxh6 22. b3 g5 23. Rh1+ Kg7 24. fxg5 1/2-1/2